000 00341nam a2200133Ia 4500
005 20260326100046.0
008 260326s9999||||xx |||||||||||||| ||und||
100 _aValery S., Rafael
245 0 _aFundación Polar de Caracas /
_cRafael Valery S.
260 _bPetróleos de Venezuela
300 _a406 p.
650 _aURBANISMO
942 _cBK
999 _c7207
_d7207